| 000 | 00651nam a2200241Ia 4500 | ||
|---|---|---|---|
| 001 | dia_2062 | ||
| 003 | CHAP | ||
| 005 | 20230614102304.0 | ||
| 008 | 220117s1984 xx 000 0 und d | ||
| 010 | _a172599 | ||
| 040 | _cCHAP | ||
| 082 | _a635.8 C7 | ||
| 100 |
_aCrespo, Mario _928913 |
||
| 245 |
_aCultivo comercial del champiƱon / _c por Mario Crespo |
||
| 260 |
_aArgentina : _b albatros, _c1984 |
||
| 300 | _a222 p. | ||
| 650 |
_a1.Setas Comestibles/ _9149050 |
||
| 650 |
_aHongos. I.T. _9152171 |
||
| 901 | _a635.8 C7 | ||
| 902 | _aM | ||
| 905 | _a0000001984 ag X 0000000000esp00 | ||
| 942 |
_cLIBRO _2ddc |
||
| 999 |
_c172599 _d172599 |
||